<?xml version="1.0" encoding="UTF-8"?>
<record
    xmlns:xsi="http://www.w3.org/2001/XMLSchema-instance"
    xsi:schemaLocation="http://www.loc.gov/MARC21/slim http://www.loc.gov/standards/marcxml/schema/MARC21slim.xsd"
    xmlns="http://www.loc.gov/MARC21/slim">

  <leader>01640nam a22003137a 4500</leader>
  <datafield tag="999" ind1=" " ind2=" ">
    <subfield code="c">119519</subfield>
    <subfield code="d">119519</subfield>
  </datafield>
  <controlfield tag="003">dpl</controlfield>
  <controlfield tag="005">20190502115034.0</controlfield>
  <controlfield tag="008">190502b           ||||| |||| 00| 0 eng d</controlfield>
  <datafield tag="010" ind1=" " ind2=" ">
    <subfield code="a">B-189446</subfield>
  </datafield>
  <datafield tag="020" ind1=" " ind2=" ">
    <subfield code="c">70.00</subfield>
    <subfield code="a">812374532</subfield>
  </datafield>
  <datafield tag="035" ind1=" " ind2=" ">
    <subfield code="a">B-189446, B-189454</subfield>
  </datafield>
  <datafield tag="037" ind1=" " ind2=" ">
    <subfield code="b">Cen Lib/Ret</subfield>
  </datafield>
  <datafield tag="040" ind1=" " ind2=" ">
    <subfield code="a">DPL</subfield>
    <subfield code="b">HN</subfield>
    <subfield code="c">0</subfield>
  </datafield>
  <datafield tag="082" ind1=" " ind2=" ">
    <subfield code="a">306.0895443</subfield>
    <subfield code="b">&#x92F;&#x93E;&#x91C;&#x94D;&#x91E;&#x93F;&#x915; </subfield>
  </datafield>
  <datafield tag="100" ind1=" " ind2=" ">
    <subfield code="a">&#x92F;&#x93E;&#x91C;&#x94D;&#x91E;&#x93F;&#x915;, &#x939;&#x938;&#x941; </subfield>
    <subfield code="9">85383</subfield>
  </datafield>
  <datafield tag="245" ind1=" " ind2=" ">
    <subfield code="a">&#x917;&#x941;&#x91C;&#x930;&#x93E;&#x924; :</subfield>
    <subfield code="c">&#x939;&#x938;&#x941; &#x92F;&#x93E;&#x91C;&#x94D;&#x91E;&#x93F;&#x915; ; &#x905;&#x928;&#x941;&#x935;&#x93E;&#x926;&#x915; &#x91C;&#x917;&#x926;&#x940;&#x936; &#x91A;&#x928;&#x94D;&#x926;&#x94D;&#x930;&#x93F;&#x915;&#x947;&#x936; </subfield>
    <subfield code="b">&#x932;&#x94B;&#x915; &#x938;&#x902;&#x938;&#x94D;&#x915;&#x943;&#x924;&#x93F; &#x914;&#x930; &#x938;&#x93E;&#x939;&#x93F;&#x924;&#x94D;&#x92F; /</subfield>
  </datafield>
  <datafield tag="246" ind1=" " ind2=" ">
    <subfield code="a">Gujarat : lok sanskriti aur sahitye /</subfield>
    <subfield code="b">by Hasu Yagyik ; anuvadak Jagdish Chandrikesh </subfield>
  </datafield>
  <datafield tag="260" ind1=" " ind2=" ">
    <subfield code="b">&#x928;&#x947;&#x936;&#x928;&#x932; &#x92C;&#x941;&#x915; &#x91F;&#x94D;&#x930;&#x938;&#x94D;&#x91F; </subfield>
    <subfield code="c">2005</subfield>
    <subfield code="a">&#x928;&#x908; &#x926;&#x93F;&#x932;&#x94D;&#x932;&#x940; </subfield>
  </datafield>
  <datafield tag="270" ind1=" " ind2=" ">
    <subfield code="a"> &#x90F;-5, &#x917;&#x94D;&#x930;&#x940;&#x928; &#x92A;&#x93E;&#x930;&#x94D;&#x915;</subfield>
    <subfield code="b">&#x928;&#x908; &#x926;&#x93F;&#x932;&#x94D;&#x932;&#x940; </subfield>
    <subfield code="e">110016</subfield>
  </datafield>
  <datafield tag="300" ind1=" " ind2=" ">
    <subfield code="a">157&#x92A;&#x943;. :</subfield>
    <subfield code="c">20&#x938;&#x947;&#x92E;&#x940;(&#x905;&#x91C;&#x93F;&#x932;&#x94D;&#x926;)</subfield>
    <subfield code="b">&#x930;&#x902;&#x917;&#x940;&#x928; &#x91A;&#x93F;&#x924;&#x94D;&#x930; </subfield>
  </datafield>
  <datafield tag="490" ind1=" " ind2=" ">
    <subfield code="a">&#x932;&#x94B;&#x915; &#x938;&#x902;&#x938;&#x94D;&#x915;&#x943;&#x924;&#x93F; &#x914;&#x930; &#x938;&#x93E;&#x939;&#x93F;&#x924;&#x94D;&#x92F;</subfield>
  </datafield>
  <datafield tag="500" ind1=" " ind2=" ">
    <subfield code="a">&#x905;&#x928;&#x941;&#x915;&#x94D;&#x930;&#x92E;&#x93E;&#x923;&#x93F;&#x915;&#x93E; &#x936;&#x93E;&#x92E;&#x93F;&#x932;</subfield>
  </datafield>
  <datafield tag="650" ind1=" " ind2=" ">
    <subfield code="a">&#x917;&#x941;&#x91C;&#x930;&#x93E;&#x924; -- &#x927;&#x930;&#x94D;&#x92E; &#x914;&#x930; &#x932;&#x94B;&#x915; &#x92E;&#x93E;&#x928;&#x94D;&#x92F;&#x924;&#x93E;&#x90F;&#x902; </subfield>
    <subfield code="9">85384</subfield>
  </datafield>
  <datafield tag="650" ind1=" " ind2=" ">
    <subfield code="a">&#x917;&#x941;&#x91C;&#x930;&#x93E;&#x924; -- &#x932;&#x94B;&#x915; &#x938;&#x902;&#x917;&#x940;&#x924; &#x914;&#x930; &#x932;&#x94B;&#x915; &#x928;&#x943;&#x924;&#x94D;&#x92F; </subfield>
    <subfield code="9">85385</subfield>
  </datafield>
  <datafield tag="650" ind1=" " ind2=" ">
    <subfield code="a">Gujarat - religion and folk beliefs</subfield>
    <subfield code="9">85386</subfield>
  </datafield>
  <datafield tag="650" ind1=" " ind2=" ">
    <subfield code="a">Gujarat - folk music and folk dance</subfield>
    <subfield code="9">85387</subfield>
  </datafield>
  <datafield tag="700" ind1=" " ind2=" ">
    <subfield code="a">&#x91A;&#x928;&#x94D;&#x926;&#x94D;&#x930;&#x93F;&#x915;&#x947;&#x936;, &#x91C;&#x917;&#x926;&#x940;&#x936; </subfield>
    <subfield code="9">85388</subfield>
  </datafield>
  <datafield tag="942" ind1=" " ind2=" ">
    <subfield code="2">ddc</subfield>
    <subfield code="c">HN</subfield>
    <subfield code="h">306.0895443</subfield>
    <subfield code="m">&#x92F;&#x93E;&#x91C;&#x94D;&#x91E;&#x93F;&#x915; </subfield>
  </datafield>
  <datafield tag="952" ind1=" " ind2=" ">
    <subfield code="0">0</subfield>
    <subfield code="1">0</subfield>
    <subfield code="4">0</subfield>
    <subfield code="7">0</subfield>
    <subfield code="a">L</subfield>
    <subfield code="b">L</subfield>
    <subfield code="d">2015-09-17</subfield>
    <subfield code="e">Cen Lib/Ret</subfield>
    <subfield code="g">70.00</subfield>
    <subfield code="l">0</subfield>
    <subfield code="o">306.0895443 &#x92F;&#x93E;&#x91C;&#x94D;&#x91E;&#x93F;&#x915;</subfield>
    <subfield code="p">B-189446</subfield>
    <subfield code="r">2015-09-17 00:00:00</subfield>
    <subfield code="t">1</subfield>
    <subfield code="v">70.00</subfield>
    <subfield code="w">2015-09-17</subfield>
    <subfield code="y">HN</subfield>
  </datafield>
</record>
